ACSM'S exercise management for persons with chronic diseases and disabilities / (Record no. 170981)

MARC details
000 -LEADER
fixed length control field 01216nam a22003257a 4500
003 - CONTROL NUMBER IDENTIFIER
control field OSt
005 - DATE AND TIME OF LATEST TRANSACTION
control field 20240903112150.0
008 - FIXED-LENGTH DATA ELEMENTS--GENERAL INFORMATION
fixed length control field 240809b |||||||| |||| 00| 0 eng d
024 ## - OTHER STANDARD IDENTIFIER
Standard number or code 9780736074339 (hardcover)
040 ## - CATALOGING SOURCE
Original cataloging agency NUST
Language of cataloging eng
Transcribing agency NUST
Modifying agency NUST
Description conventions rda
050 ## - LIBRARY OF CONGRESS CALL NUMBER
Classification number RM725 AME
100 ## - MAIN ENTRY--PERSONAL NAME
Personal name American College of Sports Medicine
Relator term Author
Fuller form of name Organization
245 ## - TITLE STATEMENT
Title ACSM'S exercise management for persons with chronic diseases and disabilities /
Statement of responsibility, etc. American College of Sports Medicine
250 ## - EDITION STATEMENT
Edition statement Third edition.
260 ## - PUBLICATION, DISTRIBUTION, ETC.
Place of publication, distribution, etc. Champaign :
Name of publisher, distributor, etc. Human kinetics,
Date of publication, distribution, etc. 2009.
300 ## - PHYSICAL DESCRIPTION
Extent xv, 439 pages :
Other physical details Illustrations ;
Dimensions 28 cm.
336 ## - CONTENT TYPE
Source rdamedia
Content type term text
Content type code txt
337 ## - MEDIA TYPE
Source rdamedia
Media type term unmediated
Media type code n
338 ## - CARRIER TYPE
Source rdamedia
Carrier type term volume
Carrier type code nc
504 ## - BIBLIOGRAPHY, ETC. NOTE
Bibliography, etc. note Includes bibliographical reference and index.
650 ## - SUBJECT ADDED ENTRY--TOPICAL TERM
Form subdivision Exercise - therapy.
650 ## - SUBJECT ADDED ENTRY--TOPICAL TERM
Form subdivision Exercise - Tests.
650 ## - SUBJECT ADDED ENTRY--TOPICAL TERM
Form subdivision Chronic diseases- Exercise therapy.
650 ## - SUBJECT ADDED ENTRY--TOPICAL TERM
Form subdivision People with diabilities - Rehabilitation.
700 ## - ADDED ENTRY--PERSONAL NAME
Personal name Durstine, J Larry
Relator term Author
700 ## - ADDED ENTRY--PERSONAL NAME
Personal name Moore Geoffrey E
Relator term Author
700 ## - ADDED ENTRY--PERSONAL NAME
Personal name Painter, Patrice L
Relator term Author
700 ## - ADDED ENTRY--PERSONAL NAME
Personal name Roberts, Scott D
Relator term Author
942 ## - ADDED ENTRY ELEMENTS (KOHA)
Source of classification or shelving scheme Library of Congress Classification
Koha item type Ordinary Loan Books
Edition Third edition.
Classification part RM725 AME
Call number prefix RM
Call number suffix AME
Suppress in OPAC No
Holdings
Withdrawn status Lost status Source of classification or shelving scheme Damaged status Not for loan Collection Home library Current library Shelving location Date acquired Source of acquisition Cost, normal purchase price Total Checkouts Full call number Barcode Date last seen Accession number Cost, replacement price Price effective from Koha item type Public note
    LCC     NFIC MAIN MAIN GEN 08/09/2024 Book Aid International 50.00   RM725 AME 92004053543 08/09/2024 60260 50.00 08/09/2024 BOOKS Donation